NLSUI OPAC header image

Legal utterances (Record no. 36199)

MARC details
000 -LEADER
fixed length control field 00881nam a2200205Ia 4500
003 - CONTROL NUMBER IDENTIFIER
control field OSt
005 - DATE AND TIME OF LATEST TRANSACTION
control field 20210227123457.0
008 - FIXED-LENGTH DATA ELEMENTS--GENERAL INFORMATION
fixed length control field 160316s2009 xxu||||| |||| 00| 0 eng d
040 ## - CATALOGING SOURCE
Transcribing agency .
082 ## - DEWEY DECIMAL CLASSIFICATION NUMBER
Classification number 342.085
Item number TRI
100 ## - MAIN ENTRY--PERSONAL NAME
Personal name Tripathy Rangin Pallav
245 ## - TITLE STATEMENT
Title Legal utterances
260 ## - PUBLICATION, DISTRIBUTION, ETC.
Place of publication, distribution, etc. Odisha
Name of publisher, distributor, etc. Popular Print
Date of publication, distribution, etc. 2009
300 ## - PHYSICAL DESCRIPTION
Extent 108p
365 ## - TRADE PRICE
Price amount Gratis
505 ## - FORMATTED CONTENTS NOTE
Formatted contents note TABLE OF CONTENTS<br/>1. Human Rights: The Delusion;<br/>2. A Purposive Analysis of the Judges Inquiry Bill 2006;<br/>3. Rights Without Law: Role of Indian Judiciary in Implementation of International Human Rights Provisions;<br/>4. Case Analysis of Kihotta Hollohon; V Zachillhu: Constitutionality of the<br/>Tenth Schedule;<br/>5. Right of Victims to Participate in Criminal Proceedings;<br/>6. Bibliography;<br/>
650 ## - SUBJECT ADDED ENTRY--TOPICAL TERM
Topical term or geographic name entry element 1. Human Rights - Legal Utterance2. Victim Rights
700 ## - ADDED ENTRY--PERSONAL NAME
Personal name
--
942 ## - ADDED ENTRY ELEMENTS (KOHA)
Source of classification or shelving scheme Dewey Decimal Classification
Koha item type BOOKs
Holdings
Withdrawn status Lost status Damaged status Not for loan Home library Current library Shelving location Date acquired Total Checkouts Full call number Barcode Date last seen Price effective from Koha item type
        . .   30.05.2017   342.085 TRI 31297 30.05.2017 30.05.2017 BOOKs